02008 a2200253 45000010006000000050017000060080041000230030015000640400040000790800033001192450020001520200022001722500012001942640040002063000025002465051254002710410008015251000023015337000022015567000030015787000024016087000027016328560095016594386120260407155719.0260407a2012 arg spa dAR-UNSa-BCEJYS aAR-UNSa-BCEJYSbspacAR-UNSa-BCEJYS a330.101.541xMacroeconomía10aMacroeconomía a978-84-8322-788-6 a5a. ed. 1aMadrid :bPearson Educaciónc2012 axxix, 650 p.c25 cm. a1. Una gira por el mundo - 2. Una gira por el libro - 3. El mercado de bienes - 4. Los mercados financieros - 5. Los mercados de bienes y financieros: el modelo IS y LM - 6. El modelo IS-LM en una economía abierta - 7. El mercado de trabajo - 8. Análisis conjunto de todos los mercados: el modelo OA-DA - 9. La tasa natural de desempleo y la curva de Phillips - 10. La inflación, la actividad económica y el crecimiento de la cantidad nominal de dinero - 11. Los hechos del crecimiento - 12. El ahorro, la acumulación de capital y la producción - 13. El progreso tecnológico y el crecimiento - 14. Las expectativas: los instrumentos básicos - 15. Los mercados financieros y las expectativas - 16. Las expectativas, el consumo y la inversión - 17. Las expectativas, la producción y la política macroeconómica - 18. La política económica en una economía abierta - 19. Los sistemas de tipos de cambio - 20. La crisis de 2007-2010 - 21. La elevada deuda - 22. La inflación alta - 23. La política macroeconómica y sus responsables: ¿qué sabemos? - 24. Reglas y restricciones de la política monetaria y de la política fiscal - 25. La integración económica y monetaria europea - 26. El euro: los pormenores  aspa1 aBlanchard, Olivier1 aAmighini, Alessia1 aRabasco Espáriz, Esther1 aGiavazzi, Francesco1 aToharia Cortés, Luis41uhttps://biblioeco.unsa.edu.ar/pmb/images/libros/L126766.jpgyImagen de portadaqimage/jpeg